[Event "Sousse BICA op 1st"]
[Site "Sousse"]
[Date "2021.12.27"]
[Round "6"]
[White "Aborezika, Mohamed"]
[Black "Al Qudaimi, Basheer"]
[Result "0-1"]
[WhiteElo "1985"]
[BlackElo "2440"]
[PlyCount "102"]
[EventDate "2021.12.24"]
[EventType "swiss"]
[EventRounds "9"]
[EventCountry "TUN"]
[SourceTitle "CBM 205 Extra"]
[Source "ChessBase"]
[SourceDate "2022.01.31"]
[SourceVersion "1"]
[SourceVersionDate "2022.01.31"]
[SourceQuality "1"]

1. d4 f5 2. Bg5 g6 3. e4 fxe4 4. Nc3 Nf6 5. h4 h6 6. Bxf6 exf6 7. Qg4 Rg8 8. Qxe4+ Qe7 9. Bc4 Rg7 10. 0-0-0 Qxe4 11. Nxe4 Be7 12. Nf3 d6 13. Rde1 Kd8 14. d5 c5 15. dxc6 bxc6 16. Nc3 a5 17. Nd4 d5 18. Bd3 Bd6 19. Na4 Be5 20. Nb3 Bg4 21. Kb1 Raa7 22. f3 Bc8 23. g4 Rae7 24. Re2 h5 25. Nb6 Be6 26. Nc5 Bg8 27. c3 Kc7 28. Nba4 Kd6 29. Rhe1 Bh7 30. Kc2 f5 31. g5 Bg3 32. Rxe7 Rxe7 33. Rxe7 Kxe7 34. Nb3 Bxh4 35. Nxa5 Bxg5 36. Nc5 Be3 37. Nab3 h4 38. Bf1 Kd6 39. Nd3 g5 40. Kd1 g4 41. Ke2 Bg1 42. Nd2 h3 43. Nf4 Ke5 44. Nd3+ Kf6 45. f4 Bg6 46. Ne1 Bh5 47. Kd3 Na6 48. b4 Nc7 49. a4 Ne6 50. Ndf3 Nxf4+ 51. Kd2 gxf3 0-1

[Event "Sousse BICA op 1st"]
[Site "Sousse"]
[Date "2021.12.25"]
[Round "3"]
[White "El Behi, Hatem"]
[Black "Aborezika, Mohamed"]
[Result "0-1"]
[WhiteElo "1365"]
[BlackElo "1985"]
[PlyCount "98"]
[EventDate "2021.12.24"]
[EventType "swiss"]
[EventRounds "9"]
[EventCountry "TUN"]
[SourceTitle "CBM 205 Extra"]
[Source "ChessBase"]
[SourceDate "2022.01.31"]
[SourceVersion "1"]
[SourceVersionDate "2022.01.31"]
[SourceQuality "1"]

1. d4 Nf6 2. c4 d6 3. Nc3 Nbd7 4. Nf3 e5 5. e3 c6 6. Qc2 Be7 7. Be2 0-0 8. 0-0 Qc7 9. b3 a6 10. Bb2 b6 11. Rfd1 Bb7 12. Rac1 Rac8 13. dxe5 dxe5 14. Bd3 g6 15. a3 Rfe8 16. Nd2 Nc5 17. Be2 Ne6 18. b4 Red8 19. Nb3 Ne8 20. Rxd8 Rxd8 21. Rd1 f5 22. Rxd8 Qxd8 23. Qd2 Qxd2 24. Nxd2 e4 25. Nb3 Bf6 26. Na4 b5 27. cxb5 cxb5 28. Nc3 N8c7 29. Nd1 Kf7 30. Bxf6 Kxf6 31. Nc3 Ke5 32. Kf1 Nd5 33. Nxd5 Bxd5 34. Nd2 Nd8 35. Ke1 Nb7 36. Kd1 Nd6 37. Kc2 g5 38. g3 h6 39. h4 gxh4 40. gxh4 f4 41. Kc3 fxe3 42. fxe3 Nf5 43. Bg4 Nxe3 44. Bc8 Ng2 45. Bxa6 e3 46. Bxb5 exd2 47. Kxd2 Nxh4 48. Be2 Nf5 49. Bd3 h5 0-1